Score 0/16 Timer 06:00
4 Plays Today
% Correct
You should have seen the look on her face as I drove pasta
96.8%
It's for mugs
96.6%
But I don’t believe him
96%
What a rip off
95.5%
They're usually around 90 degrees
95.4%
And a lifetime ban from Chessington Zoo
94.4%
It's wrong on so many levels
93.5%
They're remarkable
93.3%
% Correct
They're so full of themselves
92.8%
To be fair, I was looking for trouble
91.6%
To hate low ceilings
90.9%
The people who live above me are furious
90%
To avoid using negative numbers
87.5%
I often say to myself
87.3%
To the person who invented the number zero
86.8%
Their occurrences went up by a million percent this year
83.1%
Remove Ads.
Support Sporcle.
Get the best of Sporcle when you Go Orange. This ad-free experience offers more features, more stats, and more fun while also helping to support Sporcle. Thank you for becoming a member.

You're not logged in!

Compare scores with friends on all Sporcle quizzes.
OR
Log In

Show Comments

Extras

Top Quizzes Today


Score Distribution

Your Account Isn't Verified!

In order to create a playlist on Sporcle, you need to verify the email address you used during registration. Go to your Sporcle Settings to finish the process.

Report this User

Report this user for behavior that violates our Community Guidelines.

Details: